Vrai ou Faux 3 (football) - Statistiques

Statistiques générales
  • Ce quiz a été pris 345 fois
  • Le résultat moyen est 7 sur 10
Statistiques - réponses
Question Réponse % Correct
Le stade San Siro accueille les matchs à domicile de deux équipes différentes: l'AC Milan et l'Inter Milan Vrai
89%
Zlatan Ibrahimovic est le seul joueur à avoir marqué pour 6 clubs différents en Ligue des Champions Vrai
89%
Diego Maradona n'a joué que dans un seul club européen: Naples Faux
74%
Cristiano Ronaldo est le meilleur buteur et le meilleur passeur de l'histoire de la Ligue des Champions Vrai
74%
Lionel Messi a marqué plus de buts pour le FC Barcelone que Luis Suarez, Samuel Eto'o et Rivaldo rassemblés. Vrai
74%
La Zambie, le Soudan et le Maroc ont tous remporté la Coupe d'Afrique des Nations une et une seule fois Vrai
68%
L'Angleterre a terminé 3ème de la Coupe du Monde 2018 Faux
58%
Les clubs d'Orléans, de Châteauroux et de Niort n'ont jamais été en Ligue 1 Faux
53%
Depuis 2018, deux changement supplémentaires sont accordés à une équipe en cas de prolongations Faux
42%
Le Bayern Munich est l'équipe ayant participé au plus d'éditions de la Ligue des Champions Faux
42%
Aucun quiz correspondant
Distribution des résultats
% des personnes avec chaque résultat
Percentile par nombre de réponses
Votre historique - résultats
Vous n’avez pas pris ce quiz